Mapping the Tourist Potential of Regions for the Development of Incoming Tourism within the Slovak Republic diplomová práca

Saved in:
Bibliographic Details
Main Author: Schmidt, Martin, 2000-
Corporate Author: Obchodná fakulta EU. Katedra cestovného ruchu
Other Authors: Gáll, Jozef, 1991-
Format: Book
Language:English
Published: Bratislava 2024
Tags: Add Tag
No Tags, Be the first to tag this record!

MARC

LEADER 00000nbm a2200000 4500
001 0302080
005 20250822112316.0
041 0 |a eng 
044 |a SK 
245 1 0 |a Mapping the Tourist Potential of Regions for the Development of Incoming Tourism within the Slovak Republic  |b diplomová práca  |c Martin Schmidt ; školiteľ: Jozef Gáll 
264 1 |a Bratislava  |c 2024 
300 |a 96 s. 
100 1 |a Schmidt, Martin, 2000- 
700 1 |a Gáll, Jozef, 1991- 
710 2 |a Obchodná fakulta EU. Katedra cestovného ruchu